<?xml version="1.0" encoding="UTF-8"?>
<record
    xmlns:xsi="http://www.w3.org/2001/XMLSchema-instance"
    xsi:schemaLocation="http://www.loc.gov/MARC21/slim http://www.loc.gov/standards/marcxml/schema/MARC21slim.xsd"
    xmlns="http://www.loc.gov/MARC21/slim">

  <leader>01391nam a22003377a 4500</leader>
  <controlfield tag="001">BRCA_9352</controlfield>
  <controlfield tag="003">FranzMayer</controlfield>
  <controlfield tag="005">20230918122003.0</controlfield>
  <controlfield tag="008">230828b        |||||||| |||| 00| 0 eng d</controlfield>
  <datafield tag="020" ind1=" " ind2=" ">
    <subfield code="a">2909283763</subfield>
  </datafield>
  <datafield tag="040" ind1=" " ind2=" ">
    <subfield code="a">MFM</subfield>
    <subfield code="b">esp</subfield>
    <subfield code="c">MFM</subfield>
  </datafield>
  <datafield tag="050" ind1=" " ind2="0">
    <subfield code="a">GT2252.B47</subfield>
    <subfield code="b">M87 2003</subfield>
  </datafield>
  <datafield tag="110" ind1="1" ind2=" ">
    <subfield code="4">Responsable  </subfield>
    <subfield code="a">Mus&#xE9;e de la mode </subfield>
    <subfield code="b">Union centrale des arts decoratifs et du textile</subfield>
    <subfield code="9">29292</subfield>
  </datafield>
  <datafield tag="240" ind1=" " ind2=" ">
    <subfield code="a">Luxe et fantaisie</subfield>
    <subfield code="h">Bijoux de la collection Barbara Berger</subfield>
    <subfield code="l">Franc&#xE9;s </subfield>
  </datafield>
  <datafield tag="245" ind1="0" ind2=" ">
    <subfield code="a">Luxe et fantaisie</subfield>
    <subfield code="b">Bijoux de la collection Barbara Berger</subfield>
  </datafield>
  <datafield tag="260" ind1=" " ind2=" ">
    <subfield code="a">Francia</subfield>
    <subfield code="b">Norma Editores</subfield>
    <subfield code="c">2003</subfield>
  </datafield>
  <datafield tag="300" ind1=" " ind2=" ">
    <subfield code="a">159 p</subfield>
    <subfield code="b">Ilustraciones a color</subfield>
    <subfield code="c">26 cm</subfield>
  </datafield>
  <datafield tag="500" ind1=" " ind2=" ">
    <subfield code="a">Anexo 1</subfield>
  </datafield>
  <datafield tag="505" ind1=" " ind2=" ">
    <subfield code="a">Texto en: franc&#xE9;sIncluye &#xED;ndice tem&#xE1;ticoIncluye bibliograf&#xED;a pp: 1158-159Dirigido a: artistas, dise&#xF1;adores, dise&#xF1;adores de moda o joyeros </subfield>
  </datafield>
  <datafield tag="650" ind1="1" ind2=" ">
    <subfield code="2">Maneras y costumbres</subfield>
    <subfield code="a">Accesorios</subfield>
    <subfield code="v">Joyeria</subfield>
    <subfield code="9">29293</subfield>
  </datafield>
  <datafield tag="651" ind1=" " ind2=" ">
    <subfield code="2">Joyer&#xED;a francesa</subfield>
    <subfield code="a">Joyer&#xED;a contempor&#xE1;nea </subfield>
    <subfield code="v">Berger, Barbara </subfield>
    <subfield code="9">29294</subfield>
  </datafield>
  <datafield tag="700" ind1="1" ind2=" ">
    <subfield code="4">Fot</subfield>
    <subfield code="a">Esteva, Pablo</subfield>
    <subfield code="9">29295</subfield>
  </datafield>
  <datafield tag="700" ind1="1" ind2=" ">
    <subfield code="4">fot.</subfield>
    <subfield code="a">Jaulmes, Laurent-Sully</subfield>
    <subfield code="9">29296</subfield>
  </datafield>
  <datafield tag="700" ind1="1" ind2=" ">
    <subfield code="4">Fot</subfield>
    <subfield code="a">Terestchenko, Ivan</subfield>
    <subfield code="9">29297</subfield>
  </datafield>
  <datafield tag="700" ind1="1" ind2=" ">
    <subfield code="4">Fot.</subfield>
    <subfield code="a">Zabe, Michel</subfield>
    <subfield code="9">29298</subfield>
  </datafield>
  <datafield tag="700" ind1="1" ind2=" ">
    <subfield code="4">Editorial .</subfield>
    <subfield code="a">Demey, Chlo&#xE9;</subfield>
    <subfield code="9">29299</subfield>
  </datafield>
  <datafield tag="700" ind1="1" ind2=" ">
    <subfield code="4">Graphi</subfield>
    <subfield code="a">C&#xE9;lestin, Fr&#xE9;d&#xE9;ric</subfield>
    <subfield code="9">29300</subfield>
  </datafield>
  <datafield tag="700" ind1="1" ind2=" ">
    <subfield code="4">Revision</subfield>
    <subfield code="a">Ouvrieu, Lorraine</subfield>
    <subfield code="9">29301</subfield>
  </datafield>
  <datafield tag="700" ind1="1" ind2=" ">
    <subfield code="4">Trad</subfield>
    <subfield code="a">Guglielmetti, Anne</subfield>
    <subfield code="9">29302</subfield>
  </datafield>
  <datafield tag="942" ind1=" " ind2=" ">
    <subfield code="2">lcc</subfield>
    <subfield code="c">B</subfield>
  </datafield>
  <datafield tag="999" ind1=" " ind2=" ">
    <subfield code="c">10974</subfield>
    <subfield code="d">10974</subfield>
  </datafield>
  <datafield tag="952" ind1=" " ind2=" ">
    <subfield code="0">0</subfield>
    <subfield code="1">0</subfield>
    <subfield code="2">lcc</subfield>
    <subfield code="4">0</subfield>
    <subfield code="7">0</subfield>
    <subfield code="8">FCON</subfield>
    <subfield code="a">BRCA</subfield>
    <subfield code="b">BRCA</subfield>
    <subfield code="d">2023-08-28</subfield>
    <subfield code="l">0</subfield>
    <subfield code="o">GT2252.B47 M87 2003</subfield>
    <subfield code="p">CONT10110</subfield>
    <subfield code="r">2023-08-28 00:00:00</subfield>
    <subfield code="w">2023-08-28</subfield>
    <subfield code="y">B</subfield>
  </datafield>
</record>
